LEADER 01707nam 2200553 450 001 9910464331803321 005 20200520144314.0 010 $a0-19-102404-X 035 $a(CKB)3710000000186162 035 $a(SSID)ssj0001383885 035 $a(PQKBManifestationID)12566415 035 $a(PQKBTitleCode)TC0001383885 035 $a(PQKBWorkID)11325935 035 $a(PQKB)11524673 035 $a(MiAaPQ)EBC1727879 035 $a(Au-PeEL)EBL1727879 035 $a(CaPaEBR)ebr10894667 035 $a(CaONFJC)MIL627548 035 $a(OCoLC)889203796 035 $a(EXLCZ)993710000000186162 100 $a20140722h20142014 uy 0 101 0 $aeng 135 $aurcnu|||||||| 181 $ctxt 182 $cc 183 $acr 200 10$aWe want what's ours $elearning from South Africa's land restitution program /$fBernadette Atuahene 210 1$aOxford, England :$cOxford University Press,$d2014. 210 4$d©2014 215 $a1 online resource (207 pages) 300 $aIncludes index. 311 $a0-19-878335-3 311 $a0-19-871463-7 606 $aIndigenous peoples$xCivil rights$zSouth Africa 606 $aLand reform$xLaw and legislation$zSouth Africa 606 $aLand settlement$xLaw and legislation$zSouth Africa 608 $aElectronic books. 615 0$aIndigenous peoples$xCivil rights 615 0$aLand reform$xLaw and legislation 615 0$aLand settlement$xLaw and legislation 676 $a342.0872 700 $aAtuahene$b Bernadette$0866646 801 0$bMiAaPQ 801 1$bMiAaPQ 801 2$bMiAaPQ 906 $aBOOK 912 $a9910464331803321 996 $aWe want what's ours$91934565 997 $aUNINA LEADER 05549nam 2200781Ia 450 001 9910451309103321 005 20200520144314.0 010 $a1-281-37328-1 010 $a9786611373283 010 $a1-61583-243-2 010 $a981-277-277-4 035 $a(CKB)1000000000414922 035 $a(EBL)1679304 035 $a(OCoLC)879074227 035 $a(SSID)ssj0000175500 035 $a(PQKBManifestationID)11165738 035 $a(PQKBTitleCode)TC0000175500 035 $a(PQKBWorkID)10189705 035 $a(PQKB)10518765 035 $a(MiAaPQ)EBC1679304 035 $a(WSP)00006248 035 $a(Au-PeEL)EBL1679304 035 $a(CaPaEBR)ebr10201455 035 $a(CaONFJC)MIL137328 035 $a(EXLCZ)991000000000414922 100 $a20061127d2006 uy 0 101 0 $aeng 135 $aur|n|---||||| 181 $ctxt 182 $cc 183 $acr 200 10$aHydrodynamics around cylindrical structures$b[electronic resource] /$fB. Mutlu Sumer, Jørgen Fredsøe 205 $aRevised ed. 210 $aLondon $cWorld Scientific Publishing$dc2006 215 $a1 online resource (550 p.) 225 1 $aAdvanced series on ocean engineering ;$vv. 26 300 $aPrevious ed. (i.e. 1st ed.) : 1997. 311 $a981-270-039-0 320 $aIncludes bibliographical references and indexes. 327 $aContents ; PREFACE ; CREDITS ; LIST OF SYMBOLS ; 1. Flow around a cylinder in steady current ; 1.1 Regimes of flow around a smooth circular cylinder ; 1.2 Vortex shedding ; References ; 2. Forces on a cylinder in steady current ; 2.1 Drag and lift ; 2.2 Mean drag 327 $a2.3 Oscillating drag and lift 2.4 Effect of cross-sectional shape on force coefficients ; 2.5 Effect of incoming turbulence on force coefficients ; 2.6 Effect of angle of attack on force coefficients ; 2.7 Forces on a cylinder near a wall ; References 327 $a3. Flow around a cylinder in oscillatory flows 3.1 Flow regimes as a function of Keulegan-Carpenter number ; 3.2 Vortex-shedding regimes ; 3.3 Effect of Reynolds number on flow regimes ; 3.4 Effect of wall proximity on flow regimes ; 3.5 Correlation length ; 3.6 Streaming 327 $aReferences 4. Forces on a cylinder in regular waves ; 4.1 In-line force in oscillatory flow ; 4.2 Lift force in oscillatory flow ; 4.3 Effect of roughness ; 4.4 Effect of coexisting current ; 4.5 Effect of angle of attack ; 4.6 Effect of orbital motion 327 $a4.7 Forces on a cylinder near a wall 4.8 Forces resulting from breaking-wave impact ; References ; 5. Mathematical and numerical treatment of flow around a cylinder ; 5.1 Direct solutions of Navier-Stokes equations ; 5.2 Discrete vortex methods ; 5.3 Hydrodynamic stability approach 327 $aReferences 330 $a This book discusses the subject of wave/current flow around a cylinder, the forces induced on the cylinder by the flow, and the vibration pattern of slender structures in a marine environment. The primary aim of the book is to describe the flow pattern and the resulting load which develops when waves or current meet a cylinder. Special attention is paid to circular cylinder. The development in the forces is related to the various flow patterns and is discussed in detail. Regular as well as irregular waves are considered, and special cases like wall proximities (pipelines) are also investigat 410 0$aAdvanced series on ocean engineering ;$vv. 26. 606 $aOffshore structures$xHydrodynamics 606 $aUnderwater pipelines 606 $aCylinders$xHydrodynamics 606 $aWave resistance (Hydrodynamics) 606 $aOcean currents 608 $aElectronic books. 615 0$aOffshore structures$xHydrodynamics. 615 0$aUnderwater pipelines. 615 0$aCylinders$xHydrodynamics. 615 0$aWave resistance (Hydrodynamics) 615 0$aOcean currents. 676 $a627.98 700 $aSumer$b B. Mutlu$0975429 701 $aFredsøe$b Jørgen$030379 801 0$bMiAaPQ 801 1$bMiAaPQ 801 2$bMiAaPQ 906 $aBOOK 912 $a9910451309103321 996 $aHydrodynamics around cylindrical structures$92221164 997 $aUNINA